[Event "POL-chT U19 2nd League"]
[Site "Iwonicz"]
[Date "2015.08.01"]
[Round "8.100"]
[White "Lorenz, Rafal"]
[Black "Oleksy, Krzysztof1111"]
[Result "1/2-1/2"]
[WhiteElo "1359"]
[BlackElo "1352"]
[PlyCount "93"]
[EventDate "2015.07.25"]
[EventType "team-swiss"]
[EventRounds "11"]
[EventCountry "POL"]
[SourceTitle "EXT 2019"]
[Source "ChessBase"]
[SourceDate "2018.10.10"]
[SourceVersion "1"]
[SourceVersionDate "2018.10.10"]
[SourceQuality "1"]
[WhiteTeam "Wloszakowice UKS ZSO U19"]
[BlackTeam "Rybnik MKSz U19 II"]
[WhiteTeamCountry "POL"]
[BlackTeamCountry "POL"]

1. f4 Nf6 2. Nf3 g6 3. b3 Bg7 4. Bb2 d5 5. e3 0-0 6. Be2 c5 7. 0-0 Nc6 8. Bb5 Qc7 9. Bxc6 Qxc6 10. Qe1 Bf5 11. d3 a6 12. h3 h5 13. Ng5 c4 14. Qe2 Rac8 15. Rd1 cxd3 16. cxd3 b5 17. Rc1 Qb7 18. Nd2 Rxc1+ 19. Rxc1 Rc8 20. Rxc8+ Bxc8 21. Ndf3 Nh7 22. Bxg7 Kxg7 23. Nxh7 Kxh7 24. Qc2 Bf5 25. Ng5+ Kg8 26. g4 hxg4 27. hxg4 Bxg4 28. Qg2 Bh5 29. Qc2 Qd7 30. Qg2 Qg4 31. Kh2 Qxg2+ 32. Kxg2 Bg4 33. b4 f6 34. Nf3 Bxf3+ 35. Kxf3 Kg7 36. Kg4 e6 37. a3 Kf7 38. Kf3 f5 39. Kg3 Kf6 40. d4 g5 41. Kf3 g4+ 42. Kg3 Ke7 43. Kh4 Kf6 44. Kg3 Kg6 45. Kg2 Kh6 46. Kh2 Kh5 47. Kg3 1/2-1/2

[Event "POL-chT U19 2nd League"]
[Site "Iwonicz"]
[Date "2015.08.01"]
[Round "10.100"]
[White "Pietrzak, Tomasz1111"]
[Black "Lorenz, Rafal"]
[Result "1-0"]
[WhiteElo "1407"]
[BlackElo "1359"]
[PlyCount "87"]
[EventDate "2015.07.25"]
[EventType "team-swiss"]
[EventRounds "11"]
[EventCountry "POL"]
[SourceTitle "EXT 2019"]
[Source "ChessBase"]
[SourceDate "2018.10.10"]
[SourceVersion "1"]
[SourceVersionDate "2018.10.10"]
[SourceQuality "1"]
[WhiteTeam "Myslenice MLKSz U19"]
[BlackTeam "Wloszakowice UKS ZSO U19"]
[WhiteTeamCountry "POL"]
[BlackTeamCountry "POL"]

1. e4 e5 2. Nf3 Nc6 3. Bc4 Bc5 4. d3 Nf6 5. 0-0 h6 6. c3 d6 7. Nbd2 0-0 8. h3 Be6 9. Re1 Qe7 10. Bb3 Rad8 11. Nf1 Rfe8 12. Be3 d5 13. exd5 Nxd5 14. Bxc5 Qxc5 15. Nxe5 Qd6 16. d4 Nxe5 17. Rxe5 Nb6 18. Qe2 Kf8 19. Re1 Nd7 20. Re3 Nf6 21. Bxe6 fxe6 22. Rxe6 Qxe6 23. Qxe6 Rxe6 24. Rxe6 Kf7 25. Re2 Rd6 26. Ng3 g6 27. Kf1 b6 28. Ne4 Nxe4 29. Rxe4 a5 30. Ke2 Re6 31. Rxe6 Kxe6 32. c4 c6 33. Ke3 Kf5 34. g4+ Ke6 35. f4 a4 36. b3 axb3 37. axb3 Ke7 38. Ke4 Ke6 39. h4 h5 40. gxh5 gxh5 41. f5+ Kf6 42. d5 cxd5+ 43. cxd5 Ke7 44. Ke5 1-0

[Event "POL-chT U19 2nd League"]
[Site "Iwonicz"]
[Date "2015.08.01"]
[Round "5.94"]
[White "Wojtasik, Szymon"]
[Black "Lorenz, Rafal"]
[Result "1/2-1/2"]
[WhiteElo "1240"]
[BlackElo "1359"]
[PlyCount "119"]
[EventDate "2015.07.25"]
[EventType "team-swiss"]
[EventRounds "11"]
[EventCountry "POL"]
[SourceTitle "EXT 2019"]
[Source "ChessBase"]
[SourceDate "2018.10.10"]
[SourceVersion "1"]
[SourceVersionDate "2018.10.10"]
[SourceQuality "1"]
[WhiteTeam "Wielun UKS Piatka U19"]
[BlackTeam "Wloszakowice UKS ZSO U19"]
[WhiteTeamCountry "POL"]
[BlackTeamCountry "POL"]

1. e4 e5 2. Nf3 Nc6 3. d4 exd4 4. Nxd4 Bc5 5. Be3 Qf6 6. c3 a6 7. Be2 Nge7 8. 0-0 0-0 9. f3 Re8 10. Kh1 Nxd4 11. Bxd4 Bxd4 12. Qxd4 Qg6 13. Qa4 Nc6 14. Na3 Na7 15. Rad1 Rf8 16. b4 d6 17. Bd3 Qf6 18. Qc2 g6 19. Nc4 Nb5 20. a4 Na7 21. Ne3 c6 22. Rd2 Qf4 23. Nc4 Be6 24. Be2 d5 25. exd5 Bxd5 26. Nb6 Rad8 27. Nxd5 Rxd5 28. Rxd5 cxd5 29. Rd1 Qe5 30. Bf1 Rc8 31. Qb3 Qxc3 32. Qxc3 Rxc3 33. Rxd5 Rc1 34. Kg1 Rb1 35. b5 axb5 36. axb5 Kg7 37. Kf2 Rb3 38. Rd7 Nxb5 39. Rxb7 Nd4 40. Rxb3 Nxb3 41. Ke3 Nc5 42. Bc4 Nd7 43. Ke4 h6 44. g4 Kf6 45. Kf4 Ne5 46. Bb5 g5+ 47. Ke4 Ng6 48. h3 Nf4 49. Bf1 h5 50. gxh5 Nxh5 51. Bc4 Ng3+ 52. Ke3 Nf5+ 53. Kd3 Nd6 54. Bb3 Nf5 55. Ke4 Ng3+ 56. Ke3 Nf5+ 57. Ke2 Nd6 58. Ke3 Ke5 59. Bc2 f6 60. Bd3 1/2-1/2